Normal view
MARC view
Entry Personal Name
001 - CONTROL NUMBER
- control field: 862896
003 - CONTROL NUMBER IDENTIFIER
- control field: OSt
005 - DATE AND TIME OF LATEST TRANSACTION
- control field: 20260107194028.0
008 - FIXED-LENGTH DATA ELEMENTS
- fixed length control field: 260107|| aca||aabn | a|a d
040 ## - CATALOGING SOURCE
- Original cataloging agency: OSt
- Transcribing agency: OSt
100 ## - HEADING--PERSONAL NAME
- Personal name: Rosenberger, Gerhard; Schürenberg, Annika; Wienke, Leonard
670 ## - SOURCE DATA FOUND
- Source citation: Work cat.: (OSt)1467243: Rosenberger, Gerhard; Schürenberg, Annika; Wienke, Leonard , Abstract Algebra : With Applications to Galois Theory, Algebraic Geometry, Representation Theory and Cryptography, 2024
